| 000 | 00856nam a2200217Ii 4500 | ||
|---|---|---|---|
| 003 | JO-AjNU | ||
| 008 | 230605s9999||||xx |||||||||||||| ||und|| | ||
| 017 | _a2008/5/1648 | ||
| 040 |
_aJO-AjNU _bara _erda _cJO-AjNU |
||
| 041 | _aara | ||
| 050 | 1 | 4 | _aHG4026.N8222 2009 |
| 100 | 3 |
_a النعيمي، عدنان تايه /م.مشارك: ارشد فؤاد التميمي, _eauthor _933150 |
|
| 245 | 0 | 0 | _aالادارة المالية المتقدمة = Advanced Financial Management |
| 250 | _aط العربية | ||
| 264 | 3 | 1 | _aعمان: دار اليازوري العلمية للنشر والتوزيع، 2009 |
| 300 |
_a512ص _bيحتوي على ببلوغرافية من 510-512ص |
||
| 336 |
_atext _btxt _2rdacontent |
||
| 337 |
_aunmediated _bn _2rdamedia |
||
| 338 |
_avolume _bnc _2rdacarrier |
||
| 650 | 4 |
_aالادارة المالية _933151 |
|
| 999 |
_aA13463 _c17031 _d17031 |
||